000 01235nam a22002537a 4500
005 20170124103123.0
010 _aB-081614
020 _c250.00
_a8180180263
035 _aB-081614
037 _bCen Lib/Ret
040 _aDPL
_bHN
082 _a820.8
_bपाण्डेय
100 _aपाण्डेय, शशिभूषण
_942466
245 _aशैलीविज्ञान और भारतीय काव्यशास्त्र : तुलनात्मक विमर्श /
_cपाण्डेय शशिभूषण
246 _aShailivigyan aur bhartiya kavyashastra : tulnatmak vimarsh
_bby Pandey Shashi Bhushan
260 _aजयपुर
_bनेशनल पब्लिशिंग हाउस
_c2004
270 _a337-चौड़ा रास्ता
_bजयपुर
_e302003
300 _axx,236पृष्ठ.
_c21सेमी(सजिल्द)
650 _aहिंदी साहित्य
_982541
650 _aशैलीविज्ञान अलंकार सिद्धांत
_982542
650 _aHindi literature
_982543
650 _aStylistics theory decking
_982544
942 _2ddc
_cHN
_h820.8
_mपाण्डेय
999 _c118924
_d118924